00765nam a2200241 a 4500001001300000003000900013005001700022008004100039020002300080082001800103100001800121245006200139260005100201300000900252500003500261505001500296650002900311700001800340902000800358942000700366952013300373999001700506nice12345678IN_TiNIC20260116015101.0050524s2004 hona grp 000 0 eng  a9627439 c10000a261.8362bPER aPer Larsson,  aYour Will Be Done on Earthb Ecological Theology for Asia aHong KongbChristian Conference of Asia c2004 a140p aincludes index and biblioraphy2 aAppendices aEcology and Christianity1 aPer Larsson,  bSRS cBK 001040708StackRoom-aHMIbHMId2007-07-10g100.00l2o261.8362 PERp11001630r2018-09-21s2018-09-19v100.00w2005-05-24yBK c18246d18246